000 00647nam a2200229Ia 4500
003 OSt
005 20221005121535.0
006 a|||||r|||| 00| 0
007 ta
008 221004b |||||||| |||| 00| 0 eng d
024 _a56781
037 _cTextual
040 _aCRL
_cCRL
_beng
041 _2eng
_aeng
082 _aV2:1:K7, B2
100 _aOrme Robert
245 0 _aHistorical fragments of the Mogul empire of the Morattees and of the English concerns in Indostan from the year M,DC,LIX.
260 _c1882
650 _aINDIA - HISTORY
942 _hV2:1:K7, B2
_cTEXL
_2cc
999 _c1041470
_d1041470